The Broadband Explosion (Record no. 18685)

MARC details
000 -LEADER
fixed length control field 00384nam a22001577a 4500
005 - DATE AND TIME OF LATEST TRANSACTION
control field 20230608190132.0
008 - FIXED-LENGTH DATA ELEMENTS--GENERAL INFORMATION
fixed length control field 230608b |||||||| |||| 00| 0 eng d
020 ## - INTERNATIONAL STANDARD BOOK NUMBER
ISBN 9781591396703
082 ## - DEWEY DECIMAL CLASSIFICATION NUMBER
Classification number 384.33
Item number AUS-T
100 ## - MAIN ENTRY--AUTHOR
Author Name Autin Robert D
245 ## - TITLE STATEMENT
Title The Broadband Explosion
260 ## - PUBLICATION, DISTRIBUTION, ETC.
Place of Publication India
Date of publication, distribution, etc. 2005
650 ## - SUBJECT ADDED ENTRY--TOPICAL TERM
Subject / Department Engineering
700 ## - ADDED ENTRY--PERSONAL NAME
Personal name The Broadband Explosion
952 ## - LOCATION AND ITEM INFORMATION (KOHA)
-- 0
-- 0
Holdings
Lost status Damaged status Permanent Location Current Location Shelving Location Date acquired Full Call Number Accession No./Barcode Date last seen Copy number item type
    Superior Information Resource Center (SIRC) Superior University- Main Campus Superior Information Resource Center (SIRC) Superior University- Main Campus Engineering 06/08/2023 384.33 AUS-T 2005 395 06/08/2023 1 BOOK

Powered by Koha